| 000 | 00700nam a2200229 u 4500 | ||
|---|---|---|---|
| 005 | 20240228064247.0 | ||
| 008 | 160607s2007 r 000 0 eng d | ||
| 020 | _a9703513638 (10 dígitos) | ||
| 020 | _a9789703513635 (13 dígitos) | ||
| 035 | _aUPN01000211226 | ||
| 049 | _aI | ||
| 050 | 4 |
_aPQ7298.12 R7 _bR4.9 |
|
| 100 | 1 |
_aBrozon, M. B., _d1970- _931044 |
|
| 245 | 1 | 0 |
_aRey por un rato / _cM. B. Brozon ; il. Carlos Beltrán. |
| 260 |
_aMéxico : _bCONACULTA, _c2007. |
||
| 300 |
_a31 p. : _bil. col. |
||
| 440 | 0 | _aAlas y raíces a los niños | |
| 650 | 4 |
_aCuentos infantiles mexicanos _97723 |
|
| 650 | 4 |
_aLibros y lectura para niños _92290 |
|
| 905 | _aInfantil | ||
| 999 |
_c183327 _d183327 |
||